[Event "TCh-HUN 2010-11"]
[Site "Zalaegerszeg HUN"]
[Date "2010.12.05"]
[Round "4"]
[White "Horvath,Gy1"]
[Black "Zsinka,L"]
[Result "1-0"]
[WhiteElo "2356"]
[BlackElo "2285"]

1.Nf3 Nf6 2.c4 g6 3.Nc3 Bg7 4.e4 d6 5.d4 O-O 6.Be2 e5 7.O-O Nc6 8.Be3 h6
9.d5 Ne7 10.Ne1 Ne8 11.Nd3 f5 12.f3 Nf6 13.c5 g5 14.cxd6 cxd6 15.Rc1 Bd7
16.Qb3 f4 17.Bf2 Ng6 18.Nb5 Bxb5 19.Qxb5 Rf7 20.Rc4 h5 21.Rfc1 Bf8 22.Ra4 g4
23.Rxa7 Rxa7 24.Bxa7 gxf3 25.Bb6 Qd7 26.Qxd7 Nxd7 27.Bxf3 Nxb6 28.Bxh5 Kg7
29.b3 Nd7 30.Rc8 Nf6 31.Bf3 Nh4 32.a4 Nxf3+ 33.gxf3 Rd7 34.a5 Be7 35.Nb2 Kf7
36.Nc4 Ne8 37.Rb8 Bd8 38.Kf1 Ke7 39.Ke2 Nf6 40.b4 Rc7 41.Kd3 Nd7 42.Ra8 Nf6
43.h4 Rd7 44.b5 Rc7 45.b6 Rd7 46.Rb8 Ne8 47.h5 Kf7 48.Kc3 Ke7 49.Kb4 Nf6
50.Kb5 Nxh5 51.Rxb7 Rxb7 52.a6 Bxb6 53.axb7 Bc7 54.Kc6 Bb8 55.Nb6 Nf6 56.Nc8+ Kd8
57.Nxd6 Nd7 58.Nb5 Ke7 59.d6+ Kd8 60.Nc7 Nf8 61.Na6 Nd7 62.Kd5 Ba7 63.Nb4 Bb8
64.Nc6+ Ke8 65.Nxb8 Nxb8 66.Kxe5 Kd7 67.Kd5 Nc6 68.e5 Nb8 69.e6+ Kd8 70.Kc5  1-0

[Event "48th ch-IND"]
[Site "New Delhi IND"]
[Date "2010.12.10"]
[Round "2"]
[White "Lalith,B"]
[Black "Tiwari,Ar"]
[Result "1-0"]
[WhiteElo "2481"]
[BlackElo "2341"]

1.Nf3 Nf6 2.c4 g6 3.Nc3 Bg7 4.e4 d6 5.d4 O-O 6.Be2 e5 7.O-O Nc6 8.d5 Ne7
9.b4 Nh5 10.Re1 Kh8 11.Nd2 Nf4 12.Bf1 f5 13.a4 a5 14.bxa5 c5 15.Ra3 Nh5 16.exf5 Nxf5
17.Nde4 Nf6 18.Bg5 Qxa5 19.Nxf6 Bxf6 20.Bxf6+ Rxf6 21.f4 exf4 22.Re8+ Kg7
23.Ne4 Rf8 24.Qa1+ Nd4 25.Rxf8 Kxf8 26.Qc1 Bf5 27.Qxf4 Kg8 28.Nf6+ Kg7 29.Re3 Rf8
30.Ne8+ Kg8 31.Qh6  1-0

[Event "TCh-NED"]
[Site "Netherlands NED"]
[Date "2010.12.11"]
[Round "4.5"]
[White "Wantola,I"]
[Black "Miedema,R"]
[Result "0-1"]
[WhiteElo "2301"]
[BlackElo "2392"]

1.Nf3 Nf6 2.c4 g6 3.Nc3 Bg7 4.e4 O-O 5.d4 d6 6.Be2 e5 7.O-O Nc6 8.d5 Ne7
9.b4 Nh5 10.Re1 f5 11.Ng5 Nf4 12.Bf1 Kh8 13.g3 Ng8 14.h4 h6 15.Nf3 Nh5 16.exf5 gxf5
17.Bb2 Ngf6 18.Nh2 f4 19.Qd3 Rg8 20.Bg2 Bf8 21.Nf1 Ng4 22.Ne2 Qf6 23.f3 Bf5
24.Qd2 Ne3 25.Nxf4 Nxf1 26.Nxh5 Nxd2 27.Nxf6 Rxg3 28.Kh2 Rg6 29.Nh5 Nxc4
30.Bc3 Kh7 31.Ng3 Bd7 32.h5 Rf6 33.Ne4 Rf4 34.Rac1 Be7 35.Bd2 Rh4+ 36.Kg1 b5
37.Ng3 Rg8 38.Kf2 Rh2 39.Kg1 Rxg2+ 40.Kxg2 Bh4  0-1

[Event "Bansko Grand Chess Open"]
[Site "Bansko BUL"]
[Date "2010.12.17"]
[Round "6.17"]
[White "Yakimenko,Alex"]
[Black "Pavlidis,Ana"]
[Result "0-1"]
[WhiteElo "2194"]
[BlackElo "2352"]

1.d4 Nf6 2.c4 g6 3.Nc3 Bg7 4.e4 d6 5.Be2 O-O 6.Nf3 e5 7.O-O Nc6 8.d5 Ne7
9.Ne1 Nd7 10.Nd3 f5 11.f3 f4 12.Bd2 g5 13.b4 h5 14.c5 Nf6 15.Nf2 Rf7 16.Rc1 Ng6
17.h3 Bf8 18.Nb5 a6 19.Na3 Rg7 20.Rc3 a5 21.bxa5 dxc5 22.Nc4 Bd6 23.Rb3 Nh8
24.Bc3 Nf7 25.Bb2 Qe7 26.Rb5 g4 27.fxg4 hxg4 28.Bxg4 Nxg4 29.Nxg4 Bxg4 30.hxg4 Nh6
31.Rb3 Nxg4 32.Rh3 Rf8 33.Qe2 Rf6 34.Bc1 Rfg6 35.Rh5 Qe8 36.Rf3 Nf6 37.Rh2 Rg3
38.Rxg3 Rxg3 39.Bb2 f3 40.Qe3 Qg6 41.Rh6 Qxe4 42.Rxf6 Rxg2+ 43.Kf1 Qxc4+  0-1

[Event "European Rapid Championship"]
[Site "Warsaw POL"]
[Date "2010.12.18"]
[Round "4"]
[White "Paterek,M"]
[Black "Bernasek,J"]
[Result "1-0"]
[WhiteElo "2272"]
[BlackElo "2490"]

1.d4 Nf6 2.c4 g6 3.Nc3 Bg7 4.e4 d6 5.Nf3 O-O 6.Be2 e5 7.O-O Nc6 8.d5 Ne7
9.Bd2 Nd7 10.Rc1 f5 11.Ng5 Nf6 12.Qb3 fxe4 13.c5 Nf5 14.cxd6 cxd6 15.Nb5 Nd4
16.Qc4 Nxb5 17.Qxb5 Qe7 18.Rc4 Bd7 19.Qb3 Bf5 20.Rfc1 Rfc8 21.Rxc8+ Rxc8
22.Rxc8+ Bxc8 23.Qa4 a6 24.Nxe4 Nxe4 25.Qxe4 b5 26.Bg4 Qb7 27.h3 Bf5 28.Bxf5 gxf5
29.Qxf5 Qxd5 30.Qc8+ Kf7 31.Qf5+ Kg8 32.Qc8+ Kf7 33.Qd7+ Kg6 34.g4 Bf8 35.Qf5+ Kg7
36.Bh6+ Kxh6 37.Qf6+  1-0

[Event "European Rapid Championship"]
[Site "Warsaw POL"]
[Date "2010.12.18"]
[Round "6"]
[White "Sieciechowicz,M"]
[Black "Tregubov,V"]
[Result "1-0"]
[WhiteElo "2446"]
[BlackElo "2247"]

1.d4 Nf6 2.c4 g6 3.Nc3 Bg7 4.e4 d6 5.Nf3 O-O 6.Be2 e5 7.O-O Nc6 8.d5 Ne7
9.b4 Nh5 10.Re1 a5 11.bxa5 Rxa5 12.a4 c5 13.Nb5 Ra6 14.Nd2 Nf6 15.Bb2 Ne8
16.Rf1 f5 17.f4 exf4 18.Bxg7 Nxg7 19.Rxf4 g5 20.Rf1 f4 21.Bg4 Ng6 22.Bxc8 Qxc8
23.Nf3 g4 24.Ng5 h6 25.Ne6 Nxe6 26.dxe6 Qxe6 27.Nc7 Qxc4 28.Nxa6 bxa6 29.Qxg4 Qd4+
30.Kh1 Qf6 31.Rab1 Kh8 32.Rb6 Ne5 33.Qe2 a5 34.Qa6 Rd8 35.Qxa5 Ng4 36.Qd2 Rf8
37.Qxd6 Qg7 38.Qg6 Nf2+ 39.Kg1 Nh3+ 40.Kh1 Nf2+ 41.Kg1 Ng4 42.Qd6 Qe5  1-0

[Event "48th ch-IND"]
[Site "New Delhi IND"]
[Date "2010.12.19"]
[Round "10"]
[White "Singh,DP"]
[Black "Rajesh,VA"]
[Result "1-0"]
[WhiteElo "2326"]
[BlackElo "2295"]

1.d4 Nf6 2.Nf3 g6 3.c4 Bg7 4.Nc3 d6 5.e4 O-O 6.Be2 e5 7.O-O Nc6 8.d5 Ne7
9.Ne1 Nd7 10.f3 f5 11.g4 Nf6 12.Nd3 c5 13.Bd2 Bd7 14.Kh1 h6 15.gxf5 gxf5
16.Rg1 f4 17.b4 cxb4 18.Nb5 Ne8 19.Bxb4 Nc8 20.Nxd6 Ncxd6 21.Nxe5 Bh3 22.Ng6 Rf7
23.c5 Nf5 24.exf5 a5 25.Ba3 Bxf5 26.d6 Kh7 27.Qd5 Qd7 28.Ne5 Bxe5 29.Qxe5 Ng7
30.Bc4 Re8 31.Qxf4 Ne6 32.Qg3 Ng5 33.Rae1 Be6 34.Bd3+ Bf5 35.Rxe8 Qxe8 36.Re1 Qc6
37.Be2 Qd5 38.Bc1 Nh3 39.Qh4 Rg7 40.Be3 Rg6 41.Qe7+ Rg7 42.Qf8 Bc2 43.Qf6 Rg6
44.Qd4 Qxd4 45.Bxd4 Rg4 46.Bd3+  1-0

[Event "European Rapid Championship"]
[Site "Warsaw POL"]
[Date "2010.12.19"]
[Round "9"]
[White "Vovk,Y"]
[Black "Inarkiev,E"]
[Result "1-0"]
[WhiteElo "2539"]
[BlackElo "2667"]

1.d4 Nf6 2.c4 g6 3.Nc3 Bg7 4.e4 d6 5.Nf3 O-O 6.Be2 e5 7.O-O Nc6 8.d5 Ne7
9.Nd2 a5 10.a3 Bd7 11.b3 c6 12.Ra2 Qb8 13.Rc2 Ne8 14.b4 c5 15.bxc5 dxc5 16.Nb3 b6
17.Be3 Nd6 18.Nd2 f5 19.f3 f4 20.Bf2 g5 21.Rb2 Qc7 22.Qb3 Nec8 23.Na4 Ra6
24.Rfb1 h5 25.h3 Bf6 26.Bd1 Kh7 27.Qd3 Rg8 28.Nc3 a4 29.Kf1 Rg6 30.Ne2 Be8
31.Nc1 Be7 32.Qc3 Nf7 33.Nd3 Bd7 34.Be2 Kg8 35.Ke1 Ra7 36.Kd1 Bd6 37.Kc2 Qd8
38.Be1 g4 39.hxg4 hxg4 40.fxg4 Bxg4 41.Bf3 Rd7 42.Bf2 Bxf3 43.gxf3 Rg2 44.Rh1 Qf6
45.Rbb1 Nh6 46.Qa1 Rdg7 47.Rbf1 Na7 48.Rh5 Nf7 49.Qb1 Bc7 50.Rfh1 R7g5 51.Bh4 Qg7
52.Bxg5 Nxg5 53.Qf1 Rg3 54.Rh8+ Qxh8 55.Rxh8+ Kxh8 56.Ne1 Nc8 57.Ng2 Nd6
58.Nh4 Kg7 59.Nf5+ Nxf5 60.exf5 e4 61.Qa1+ Kg8 62.Qf6 Rg2 63.Qg6+ Kf8 64.Qf6+ Nf7
65.fxe4 f3 66.Kd3 f2 67.Nf1 Rg4 68.Ke3 Be5 69.Qxb6 Bd4+ 70.Kd2 Ne5 71.Qf6+ Kg8
72.Qe6+ Kh7 73.d6 Rxe4 74.Qe7+ Kh6 75.Qf8+ Kg5 76.Qg8+ Kf4 77.Qg3+ Kxf5 78.Qh3+ Kg5
79.d7 Nxd7 80.Qxd7 Re1 81.Qh3 Kg6 82.Ng3 Rg1 83.Ke2 Re1+ 84.Kf3 Re5 85.Kg2 Rg5
86.Kf1 Re5 87.Qg4+ Rg5 88.Qe6+ Kh7 89.Qe4+ Kg8 90.Qh4 Rg6 91.Qf4 Kh7 92.Qf7+ Rg7
93.Qh5+ Kg8 94.Qh4 Rg6 95.Ke2 Re6+ 96.Kf3 Rf6+ 97.Kg2 Rg6 98.Kf1 Rg7 99.Qh3 Rg6
100.Ke2 Rf6 101.Qg4+ Kf8 102.Kf1 Rh6 103.Qc8+ Kf7 104.Qd7+ Kf8 105.Qxa4 Re6
106.Qa8+ Kf7 107.Ne2 Be3 108.a4 Kg7 109.Qf3 Bh6 110.Qg4+ Kf7 111.Kxf2 Bd2
112.Qh5+ Kg7 113.Qxc5 Rf6+ 114.Kg2 Rg6+ 115.Kf3 Re6 116.Qd4+ Rf6+ 117.Kg4 Bh6
118.Ng3 Kg6 119.Qe4+ Kf7 120.Nf5 Bf8 121.Qd5+ Ke8 122.c5 Ra6 123.Qe4+ Kd8
124.Qd3+  1-0

[Event "48th ch-IND"]
[Site "New Delhi IND"]
[Date "2010.12.20"]
[Round "11"]
[White "Rajesh,VA"]
[Black "Matta,V"]
[Result "1/2-1/2"]
[WhiteElo "2295"]
[BlackElo "2274"]

1.d4 Nf6 2.c4 g6 3.Nc3 Bg7 4.e4 d6 5.Nf3 O-O 6.Be2 e5 7.O-O Nc6 8.d5 Ne7
9.b4 Nh5 10.Re1 a5 11.bxa5 Rxa5 12.Nd2 Nf4 13.Bf1 c5 14.dxc6 bxc6 15.Nb3 Ra8
16.Be3 c5 17.Nb5 Ra6 18.Qd2 Ne6 19.Bh6 Bb7 20.Rad1 Nc8 21.Bxg7 Kxg7 22.Qb2 f6
23.Nc3 Rf7 24.Nb5 Rf8 25.Nc3 Rf7  1/2-1/2

[Event "19th Donau Open"]
[Site "Aschach AUT"]
[Date "2010.12.27"]
[Round "3"]
[White "Sadilek,P"]
[Black "Knoll,H"]
[Result "1-0"]
[WhiteElo "2202"]
[BlackElo "2382"]

1.Nf3 Nf6 2.c4 g6 3.Nc3 Bg7 4.d4 O-O 5.e4 d6 6.Be2 e5 7.O-O Nc6 8.d5 Ne7
9.Ne1 Nd7 10.Nd3 f5 11.Bd2 Nf6 12.f3 f4 13.c5 g5 14.Rc1 Ng6 15.Nb5 Rf7 16.Ba5 b6
17.cxd6 bxa5 18.dxc7 Qf8 19.Qa4 g4 20.Nc5 g3 21.h3 Ne8 22.Qxa5 Qe7 23.Ne6 Nf8
24.Nd8 Qh4 25.Bc4 Rxc7 26.Nxc7 Qxd8 27.d6+ Be6 28.Bxe6+ Nxe6 29.Qd5 Qxd6
30.Nxe6 Qxd5 31.exd5 Bf6 32.Nc5 Bd8 33.Rfe1 Bc7 34.Kf1 Kf7 35.Nd7  1-0

[Event "Amitan Memorial"]
[Site "Donetsk UKR"]
[Date "2010.12.29"]
[Round "13"]
[White "Bogdanovich,S"]
[Black "Petrov,Ar"]
[Result "1/2-1/2"]
[WhiteElo "2479"]
[BlackElo "2393"]

1.d4 Nf6 2.c4 g6 3.Nc3 Bg7 4.e4 d6 5.Nf3 O-O 6.Be2 e5 7.O-O Nc6 8.d5 Ne7
9.Ne1 Nd7 10.Nd3 f5 11.Bd2 Nf6 12.f3 f4 13.c5 g5 14.cxd6 cxd6 15.Nf2 Ng6
16.Qc2 Rf7 17.Rfc1 Ne8 18.a4 h5 19.Ncd1 Bf8 20.Ra3 a6 21.Qc3 Rg7 22.Qa5 Be7
23.h3 Nh8 24.Qxd8 Bxd8 25.a5 Ng6 26.Nc3 b6 27.axb6 Bxb6 28.Na4 Bd4 29.Ba5 Rb7
30.b4 Bd7 31.Kf1 Bb5 32.Ra2 Rbb8 33.Nc3 Rc8 34.Rac2 Be3 35.Ra1 Bxe2+ 36.Kxe2 Rc4
37.Nfd1 Bd4 38.Rac1 Rac8 39.b5 axb5 40.Nb2 R4c5 41.Nd3 Rc4 42.Nb2  1/2-1/2

[Event "34th Christmas Master Open"]
[Site "Zuerich SUI"]
[Date "2010.12.29"]
[Round "5"]
[White "Kappeler,K"]
[Black "Nemcova,Kat"]
[Result "1-0"]
[WhiteElo "2164"]
[BlackElo "2287"]

1.d4 Nf6 2.c4 g6 3.Nc3 Bg7 4.e4 d6 5.Nf3 O-O 6.Be2 e5 7.O-O Nc6 8.d5 Ne7
9.b4 Nh5 10.Re1 f5 11.Ng5 Nf6 12.Bf3 h6 13.Ne6 Bxe6 14.dxe6 c6 15.Bb2 Qc7
16.Qb3 Rad8 17.Rad1 fxe4 18.Nxe4 Nxe4 19.Rxe4 h5 20.Rde1 b6 21.g4 h4 22.g5 Rf5
23.Bg4 Rxg5 24.Bc1 Rxg4+ 25.Rxg4 Qc8 26.Rxh4 Nf5 27.e7 Re8 28.Rg4 Nxe7 29.h3 Qe6
30.b5 c5 31.Qf3 Rf8 32.Qe4 Qf7 33.Be3 Qf5 34.Rd1 Qe6 35.Bg5 Bf6 36.Bh6 Bg7
37.Bg5 Bf6 38.Be3 Kf7 39.Kg2 Rh8 40.Rd3 Qd7 41.Bc1 Rh5 42.Bb2 Qe6 43.Ra3 d5
44.cxd5 Qxd5 45.Rxa7 Qxe4+ 46.Rxe4 Ke6 47.f4 Nd5 48.Bxe5 Bxe5 49.fxe5 Rg5+
50.Kf3 Nc3 51.Rg4 Rf5+ 52.Kg2 g5 53.Rg7 Nd1 54.R4xg5 Ne3+ 55.Kg3 Kxe5 56.R7g6 c4
57.Rxf5+ Nxf5+ 58.Kf2  1-0

[Event "34th Christmas Master Open"]
[Site "Zuerich SUI"]
[Date "2010.12.30"]
[Round "7"]
[White "Rindlisbacher,L"]
[Black "Gaehwiler,G"]
[Result "1-0"]
[WhiteElo "2172"]
[BlackElo "2228"]

1.d4 Nf6 2.c4 g6 3.Nc3 Bg7 4.e4 d6 5.Nf3 O-O 6.Be2 e5 7.O-O Nc6 8.d5 Ne7
9.b4 Nh5 10.c5 Nf4 11.Bxf4 exf4 12.Rc1 f5 13.e5 dxe5 14.d6 cxd6 15.cxd6 Nc6
16.Qd5+ Kh8 17.b5 e4 18.bxc6 bxc6 19.Qd2 exf3 20.Bxf3 Rf6 21.Rfd1 Bd7 22.Na4 Rc8
23.Qxf4 g5 24.Qc4 g4 25.Be2 Be6 26.Qc2 Bh6 27.Rb1 Bd5 28.Ba6 Rb8 29.Rxb8 Qxb8
30.d7 Bf4 31.Rxd5 cxd5 32.Qb2 Qd6 33.Nc5 Kg8 34.Nb7 Bxh2+ 35.Kh1 Rh6 36.Nxd6  1-0

[Event "23rd Staufer-Open"]
[Site "Leinzell GER"]
[Date "2011.01.03"]
[Round "4"]
[White "Ikonnikov,Vy"]
[Black "Sohl,J"]
[Result "1-0"]
[WhiteElo "2580"]
[BlackElo "2172"]

1.d4 Nf6 2.Nf3 g6 3.c4 Bg7 4.Nc3 O-O 5.e4 d6 6.Be2 e5 7.O-O Nc6 8.d5 Ne7
9.Ne1 Nd7 10.Be3 f5 11.f3 f4 12.Bf2 g5 13.a4 a5 14.Nd3 b6 15.b4 axb4 16.Nxb4 Nc5
17.Nd3 Kh8 18.a5 Nxd3 19.Qxd3 bxa5 20.Ra3 Ng8 21.Rfa1 Nf6 22.Qd1 Rg8 23.Rxa5 Rxa5
24.Rxa5 Bd7 25.Ra7 Bf8 26.Qb3 g4 27.Bh4 Be7 28.Qb7 Nxd5 29.Bxe7 Qxe7 30.Nxd5 Qh4
31.Ra8 gxf3 32.Rxg8+ Kxg8 33.gxf3 Qg5+ 34.Kf1 Bh3+ 35.Ke1  1-0

[Event "Rilton Cup 2010-11"]
[Site "Stockholm SWE"]
[Date "2011.01.04"]
[Round "8"]
[White "Sokolov,Ivan"]
[Black "Hillarp Persson,T"]
[Result "1-0"]
[WhiteElo "2642"]
[BlackElo "2528"]

1.d4 d6 2.Nf3 g6 3.c4 Bg7 4.Nc3 Nf6 5.e4 O-O 6.Be2 e5 7.O-O Nc6 8.d5 Ne7
9.Kh1 Kh8 10.a4 a5 11.Ra3 b6 12.Ne1 Nd7 13.f4 f5 14.Nd3 Ba6 15.fxe5 dxe5
16.exf5 gxf5 17.Bg5 Bf6 18.Bh6 Rg8 19.Nf2 Nc8 20.g4 Nd6 21.gxf5 Bg5 22.Ng4 Bxc4
23.Bxc4 Bxh6 24.Nxh6 Qh4 25.Nxg8 Nxc4 26.Rg1 Rxg8 27.Rxg8+ Kxg8 28.Ra1 Nd6
29.Qe2 Nxf5 30.Qf3 Ne7 31.Rf1 Kh8 32.Qf7 Qh3 33.Rf3  1-0

[Event "XIV New Year Open"]
[Site "Guben GER"]
[Date "2011.01.05"]
[Round "7.1"]
[White "Zakhartsov,Vi"]
[Black "Stets,D"]
[Result "1/2-1/2"]
[WhiteElo "2602"]
[BlackElo "2474"]

1.d4 Nf6 2.c4 g6 3.Nc3 Bg7 4.e4 d6 5.Nf3 O-O 6.Be2 e5 7.O-O Nc6 8.d5 Ne7
9.Nd2 c6 10.b4 a5 11.bxa5 Qxa5 12.Qc2 c5 13.Nb3 Qd8 14.a4 Ra6 15.Bd2 Nd7
16.a5 f5 17.f3 Kh8 18.Bd3 f4 19.Na4 g5 20.Be2 Ng8 21.Rfb1 Ngf6 22.Nc1 Rg8
23.Ra3 Bf8 24.g4 h5 25.h3 Rg7 26.Nd3 Rh7 27.Nf2 Be7 28.Kg2 Qf8 29.Rab3 Bd8
30.Rb5 Qh6 31.Rh1 Nf8 32.Qb3 Ng6 33.Nb6 Nh4+ 34.Kf1 Bxb6 35.Rxb6 Qf8 36.Bd1 Kg8
37.Be2 Qd8 38.Rb5 Qc7 39.Rg1 hxg4 40.hxg4 Qb8 41.Rh1 Qa7 42.Nh3 Ng6 43.Kg1 Nd7
44.Nxg5 Rxh1+ 45.Kxh1 b6 46.Qa2 Ndf8 47.Bf1 Bd7 48.Rb2 bxa5 49.Qb1 Bc8 50.Rb8 Qc7
51.Qb5 a4 52.Ne6 Qh7+ 53.Kg1 Qd7 54.Qxd7 Bxd7 55.Nc7 Ra7 56.Nb5 Bxb5 57.cxb5 a3
58.b6 a2 59.bxa7 a1=Q 60.a8=Q Qd4+ 61.Kh1 Qxd2 62.Qa6 Qc3 63.Qd3 Qe1 64.Qe2 Qc3
65.Qd3 Qe1 66.Qe2 Qc3  1/2-1/2

[Event "1st HDBank Cup"]
[Site "Ho Chi Minh City VIE"]
[Date "2011.01.05"]
[Round "4.11"]
[White "Lou Yiping"]
[Black "Nguyen Thi Thanh An"]
[Result "1/2-1/2"]
[WhiteElo "2429"]
[BlackElo "2310"]

1.d4 Nf6 2.c4 g6 3.Nc3 Bg7 4.e4 d6 5.Nf3 O-O 6.Be2 e5 7.O-O Nc6 8.d5 Ne7
9.Ne1 Nd7 10.f3 f5 11.Bg5 f4 12.Bh4 Kh8 13.Nd3 g5 14.Bxg5 Bf6 15.Bxf6+ Rxf6
16.g4 Rh6 17.Rf2 Ng6 18.Kf1 Rh3 19.Ke1 Qh4 20.Kd2 Nb6 21.b3 Rxh2 22.Rxh2 Qxh2
23.Nb5 Bd7 24.Nxc7 Rc8 25.Ne6 Bxe6 26.dxe6 Re8 27.Qh1 Qxh1 28.Rxh1 Rxe6 29.Nb4 Ne7
30.Nd5 Ng8 31.b4 Nd7 32.Nc7 Rg6 33.Kc3 Ne7 34.Rd1 Nb6 35.Nb5 Nbc8 36.a4 Nc6
37.c5 dxc5 38.bxc5 a6 39.Nd6 Nxd6 40.Rxd6 Nd4 41.Bc4 Nxf3 42.Rd8+ Kg7 43.Rd7+ Kh6
44.Rxb7 Kg5 45.Rxh7 Rc6 46.Kb4 a5+ 47.Kxa5 Rxc5+ 48.Bb5 Kxg4 49.Kb6 Rc1 50.Rg7+ Ng5
51.a5 f3 52.a6 f2 53.a7 Rb1 54.a8=Q f1=Q 55.Qc8+ Kh4 56.Qh8+ Kg4 57.Qc8+ Kh4  1/2-1/2

[Event "XIV New Year Open"]
[Site "Guben GER"]
[Date "2011.01.06"]
[Round "9.2"]
[White "Stern,R"]
[Black "Stets,D"]
[Result "0-1"]
[WhiteElo "2504"]
[BlackElo "2474"]

1.d4 Nf6 2.c4 g6 3.Nc3 Bg7 4.e4 d6 5.Nf3 O-O 6.Be2 e5 7.O-O Nc6 8.d5 Ne7
9.a4 a5 10.b3 b6 11.Ba3 Nh5 12.Ne1 Nf4 13.Nd3 f5 14.Bf3 g5 15.exf5 Bxf5 16.Be4 Qd7
17.Re1 g4 18.Bxf5 Qxf5 19.Ne4 Neg6 20.Bb2 Rae8 21.Qc2 Nxg2  0-1

[Event "HSK GM"]
[Site "Hamburg GER"]
[Date "2011.01.07"]
[Round "7.1"]
[White "Bracker,A"]
[Black "Lanka,Z"]
[Result "0-1"]
[WhiteElo "2240"]
[BlackElo "2468"]

1.d4 Nf6 2.c4 g6 3.Nc3 Bg7 4.e4 d6 5.Nf3 O-O 6.Be2 e5 7.O-O Nc6 8.d5 Ne7
9.Ne1 Nd7 10.Be3 f5 11.f3 f4 12.Bf2 g5 13.a4 a6 14.a5 Rf6 15.Na4 Qe8 16.Nd3 Rh6
17.Be1 Kh8 18.b4 Qh5 19.h3 Ng6 20.Nf2 Nh4 21.Kh2 Nf6 22.Rh1 Qf7 23.Kg1 Rg6
24.c5 Bf8 25.Rc1 Nh5 26.Rh2 Ng3 27.Bc4 Qg7 28.c6 h5 29.b5 axb5 30.cxb7 Bxb7
31.Bxb5 Rh6 32.Qd3 Bc8 33.a6 g4 34.hxg4 hxg4 35.Nxg4 Nxf3+ 36.gxf3 Rxh2 37.Kxh2 Bxg4
38.fxg4 Qh7+ 39.Kg2 Qh1+ 40.Kf2 Qh2+ 41.Kf3 Nxe4 42.Kxe4 Qh7+ 43.Kf3 e4+
44.Qxe4 Qh1+ 45.Kxf4 Bh6+ 46.g5 Bxg5+ 47.Kxg5 Qxe4 48.Bc3+ Kg8 49.Rf1 Qxd5+
50.Rf5 Qg2+ 51.Kh6 Qh3+ 52.Rh5 Qe3+ 53.Kg6 Qe4+ 54.Kg5 Kf7  0-1

[Event "Berkeley Int Open"]
[Site "Berkeley USA"]
[Date "2011.01.08"]
[Round "10"]
[White "Pamatmat,J"]
[Black "Zepeda,L"]
[Result "1-0"]
[WhiteElo "2100"]
[BlackElo "2202"]

1.d4 Nf6 2.c4 g6 3.Nc3 Bg7 4.e4 d6 5.Nf3 O-O 6.Be2 e5 7.O-O Nc6 8.d5 Ne7
9.b4 Nh5 10.Re1 Nf4 11.Bf1 f5 12.Bxf4 exf4 13.e5 g5 14.exd6 cxd6 15.Rc1 Ng6
16.c5 dxc5 17.bxc5 g4 18.Nd4 Qh4 19.d6 g3 20.fxg3 fxg3 21.Nf3 gxh2+ 22.Kh1 Qg3
23.d7 Bxd7 24.Qxd7 Kh8 25.Qxb7 Bh6 26.Rcd1 Rab8 27.Qxa7 Ra8 28.Qd7 Ra3 29.Qd6 Qg4
30.Ne2 Be3 31.Ne5  1-0

[Event "118th ch-NZL 2011"]
[Site "Auckland NZL"]
[Date "2011.01.09"]
[Round "8.8"]
[White "Ansell,A"]
[Black "Pinic,Noel"]
[Result "1/2-1/2"]
[WhiteElo "2001"]
[BlackElo "2058"]

1.d4 Nf6 2.c4 g6 3.Nc3 Bg7 4.e4 d6 5.Nf3 O-O 6.Be2 e5 7.O-O Nc6 8.d5 Ne7
9.Ne1 Nd7 10.Be3 f5 11.f3 f4 12.Bf2 g5 13.Rc1 Ng6 14.c5 Rf7 15.cxd6 cxd6
16.Nb5 Nf6 17.Qc2 Ne8 18.Qb3 g4 19.fxg4 Nf6 20.Qc2 Bxg4 21.Bxg4 Nxg4 22.Nf3 Nxf2
23.Qxf2 Bf6 24.Kh1 a6 25.Na3 Rc7 26.Qd2 Rac8 27.b3 Nf8 28.Nc4 Rc5 29.Nb2 Qc7
30.Nd3 Rc3 31.Rxc3 Qxc3 32.Rc1 Qxd2 33.Nxd2 Rxc1+ 34.Nxc1 Bd8 35.Nd3 Nd7
36.Kg1 Nf6 37.g3 Bb6+ 38.Kg2 Be3 39.Nc4 Nxe4 40.gxf4 exf4 41.Kf3 Ng5+ 42.Kg4 Nf7  1/2-1/2

[Event "Australian Open"]
[Site "Cammeray AUS"]
[Date "2011.01.09"]
[Round "7.13"]
[White "Zulfic,F"]
[Black "Papp,Ale"]
[Result "1-0"]
[WhiteElo "2024"]
[BlackElo "1909"]

1.d4 Nf6 2.c4 g6 3.Nc3 Bg7 4.e4 d6 5.Nf3 O-O 6.Be2 e5 7.O-O Nc6 8.d5 Ne7
9.b4 Nh5 10.Re1 f5 11.Ng5 Nf6 12.Bf3 h6 13.Ne6 Bxe6 14.dxe6 c6 15.Be3 fxe4
16.Nxe4 Nxe4 17.Bxe4 d5 18.cxd5 cxd5 19.Bc5 dxe4 20.Qxd8 Rfxd8 21.Bxe7 Re8
22.Bc5 b6 23.Be3 Rxe6 24.Rec1 Rd6 25.Kf1 b5 26.a4 bxa4 27.Rxa4 Rd7 28.Rca1 Rb7
29.Bxa7 Bf8 30.Bc5 Rxa4 31.Rxa4 Kf7 32.Bxf8 Kxf8 33.Ke2 Ke7 34.Ke3 Rb5 35.Kxe4 Kf6
36.h3 Kg5 37.f4+ exf4 38.Ra5 Rf5 39.Rxf5+ gxf5+ 40.Kf3  1-0

[Event "Australian Open"]
[Site "Cammeray AUS"]
[Date "2011.01.10"]
[Round "8.18"]
[White "Voon,R"]
[Black "Vogel,Joe"]
[Result "0-1"]
[WhiteElo "1904"]
[BlackElo "2069"]

1.c4 Nf6 2.Nc3 g6 3.e4 d6 4.d4 Bg7 5.Nf3 O-O 6.Be2 e5 7.O-O Nc6 8.d5 Ne7
9.b4 Ne8 10.a4 f5 11.a5 f4 12.Ne1 Nf6 13.Nd3 g5 14.f3 Ng6 15.Bd2 Rf7 16.c5 a6
17.b5 axb5 18.Nxb5 Bf8 19.Rc1 Ne8 20.c6 bxc6 21.dxc6 Rg7 22.Bb4 h5 23.Nc5 Kh8
24.a6 Nh4 25.Nb7 Qf6 26.Nc3 g4 27.fxg4 Bxg4 28.Bxg4 Rxg4 29.Rf2 Qg7 30.Qd2 Rxa6
31.Nd5 Ra8 32.Qb2 Nf6 33.Nxf6 Qxf6 34.Kh1 Qg6 35.Re1 Be7 36.Ba5 Rg8 37.Ree2 Nxg2
38.Rxg2 f3 39.Rxg4 Qxg4 40.Re1 Bh4 41.Qd2 Qg6 42.Rf1 f2  0-1

[Event "9th Parsvnath Open"]
[Site "New Delhi IND"]
[Date "2011.01.10"]
[Round "4.33"]
[White "Ragger,M"]
[Black "Joshua,A"]
[Result "1-0"]
[WhiteElo "2615"]
[BlackElo "2001"]

1.Nf3 Nf6 2.c4 g6 3.Nc3 Bg7 4.e4 d6 5.d4 O-O 6.Be2 e5 7.O-O Nc6 8.d5 Ne7
9.Ne1 Nd7 10.Nd3 f5 11.Bd2 Nf6 12.f3 f4 13.c5 g5 14.Rc1 Ng6 15.Nb5 Rf7 16.Ba5 b6
17.cxd6 cxd6 18.Be1 g4 19.fxg4 Nxe4 20.Bf3 Ng5 21.Nc3 Nxf3+ 22.Qxf3 Bb7 23.Nb4 Qd7
24.Ne4 Rff8 25.Nc6 Ne7 26.Qd3 Kh8 27.Nxe7 Qxe7 28.Rf3 Bf6 29.g5 Bg7 30.Rh3 Kg8
31.Rxh7 Rac8 32.Nf6+ Rxf6 33.gxf6 Qxf6 34.Rxc8+ Bxc8  1-0

[Event "9th Parsvnath Open"]
[Site "New Delhi IND"]
[Date "2011.01.10"]
[Round "4"]
[White "Harihara,S"]
[Black "G.,A"]
[Result "0-1"]
[WhiteElo "1995"]
[BlackElo "2214"]

1.Nf3 Nf6 2.c4 g6 3.Nc3 Bg7 4.e4 d6 5.d4 O-O 6.Be2 e5 7.O-O Nc6 8.d5 Ne7
9.b4 Nh5 10.Re1 Nf4 11.Bxf4 exf4 12.Rc1 a5 13.a3 h6 14.c5 axb4 15.axb4 g5
16.Nd2 Ng6 17.Nc4 Be5 18.Bh5 Re8 19.Nb5 Bd7 20.Bxg6 Bxb5 21.Bf5 Bxc4 22.Rxc4 Qf6
23.Qb3 Ra7 24.Rc2 Rea8 25.Qc4 Kg7 26.Rd1 h5 27.h3 Ra3 28.Rcc1 f3 29.Rd3 Ra1
30.Rdd1 Bf4 31.Rb1 R1a2 32.gxf3 g4 33.fxg4 Qh4 34.Qc3+ Be5 35.Qf3 R8a3 36.Qg2 Rg3
37.fxg3 Rxg2+ 38.Kxg2 Qxg3+ 39.Kf1 Qf3+ 40.Kg1 Bg3 41.Rf1 Qe2  0-1

[Event "9th Parsvnath Open"]
[Site "New Delhi IND"]
[Date "2011.01.10"]
[Round "5.41"]
[White "Nath,R"]
[Black "Matta,V"]
[Result "1-0"]
[WhiteElo "2094"]
[BlackElo "2306"]

1.d4 Nf6 2.Nf3 g6 3.c4 Bg7 4.Nc3 O-O 5.e4 d6 6.Be2 e5 7.O-O Nc6 8.d5 Ne7
9.Ne1 Ne8 10.Nd3 f5 11.Bd2 Nf6 12.f3 h5 13.exf5 Nxf5 14.Nf2 c6 15.Bd3 cxd5
16.Nxd5 Nxd5 17.cxd5 Qb6 18.Bxf5 Bxf5 19.Qb3 Qa6 20.Ne4 Rac8 21.Rfc1 Rxc1+
22.Rxc1 Bxe4 23.fxe4 Rf7 24.h3 Bf6 25.Qa3 Qb5 26.Qb3 Qd7 27.Qc4 Kg7 28.b3 Qd8
29.Rf1 Qb6+ 30.Kh1 Rc7 31.Qe2 Rf7 32.Qe3 Qxe3 33.Bxe3 a6 34.Rc1 Bh4 35.Kg1 Bg3
36.Rc8 Kf6 37.Bf2 Bxf2+ 38.Kxf2 Kg5+ 39.Ke3 Kh4 40.Rg8 Rf6 41.Re8 Kg5 42.Re7 b6
43.g3 h4 44.gxh4+ Kxh4 45.Re6 Rf1 46.Rxg6 Re1+ 47.Kf3 Rf1+ 48.Ke2 Ra1 49.Rxd6 Rxa2+
50.Kd3 b5 51.Re6 a5 52.Rxe5 Ra3 53.d6 Rxb3+ 54.Kc2 Rb4 55.d7 Rc4+ 56.Kd3  1-0

[Event "Australian Open"]
[Site "Cammeray AUS"]
[Date "2011.01.11"]
[Round "9.27"]
[White "Wu,E"]
[Black "Wang,O"]
[Result "0-1"]
[WhiteElo "1870"]
[BlackElo "1942"]

1.d4 Nf6 2.Nf3 g6 3.c4 Bg7 4.Nc3 O-O 5.e4 d6 6.Be2 e5 7.O-O Nc6 8.d5 Ne7
9.b4 Nd7 10.Qb3 f5 11.c5 Nf6 12.Nd2 f4 13.Nc4 g5 14.f3 h5 15.a4 Ng6 16.Ba3 Rf7
17.b5 Bf8 18.cxd6 cxd6 19.b6 a6 20.Ra2 g4 21.Rc1 g3 22.h3 Nh4 23.Bf1 Nh7
24.Rac2 Ng5 25.Nd1 Nxg2 26.Bxg2 Bxh3 27.Bxh3 Nxh3+ 28.Kf1 Ng5 29.Qd3 h4 30.a5 h3
31.Ncb2 Rh7 32.Kg1 Nf7 33.Qe2 Qh4 34.Qe1 Ng5  0-1

[Event "22nd MGU Open"]
[Site "Sofia BUL"]
[Date "2011.01.15"]
[Round "1.1"]
[White "Nikolov,O"]
[Black "Dimitrov,Al"]
[Result "0-1"]
[WhiteElo "1900"]
[BlackElo "2004"]

1.c4 Nf6 2.Nc3 g6 3.e4 d6 4.d4 Bg7 5.Be2 O-O 6.Nf3 e5 7.O-O Nc6 8.d5 Ne7
9.b4 a5 10.bxa5 Nd7 11.Be3 f5 12.Ng5 Nc5 13.Bxc5 dxc5 14.Bf3 Rxa5 15.Ne6 Bxe6
16.dxe6 Qc8 17.Qd7 Qxd7 18.exd7 c6 19.a4 Rd8 20.Rfd1 Kf7 21.Rab1 Ra7 22.Rb2 Ng8
23.Kf1 Nf6 24.Rbd2 Ke7 25.Ke2 Rxd7 26.Rxd7+ Nxd7 27.Rb1 Kd6 28.Kd3 Nf8 29.Bd1 Ne6
30.g3 Bf6 31.Rb6 Bd8 32.Nb5+ Kd7 33.Rxc6 bxc6 34.Nxa7 Bb6 35.Nb5 cxb5 36.axb5 Nd4
37.g4 fxg4 38.Bxg4+ Ke7 39.h4 h5 40.Bc8 Kd6 41.Bb7 Nf3 42.Bd5 Nxh4 43.Bf7 Ke7
44.Bd5 Kf6 45.Ke3 Kg5 46.Be6 Ng2+  0-1

[Event "71st ch-ARM"]
[Site "Yerevan ARM"]
[Date "2011.01.18"]
[Round "1"]
[White "Melkumyan,H"]
[Black "Petrosian,DG"]
[Result "1-0"]
[WhiteElo "2617"]
[BlackElo "2485"]

1.d4 Nf6 2.c4 g6 3.Nc3 Bg7 4.e4 d6 5.Nf3 O-O 6.Be2 e5 7.O-O Nc6 8.d5 Ne7
9.Nd2 Nd7 10.b4 f5 11.c5 Nf6 12.a4 f4 13.Nc4 g5 14.Ba3 g4 15.cxd6 cxd6 16.b5 f3
17.Nxd6 fxe2 18.Nxe2 Nd7 19.Ng3 b6 20.Rc1 Nc5 21.Bxc5 bxc5 22.Nxc8 Rxc8 23.d6 Ng6
24.Nf5 c4 25.Qxg4 c3 26.h4 Rc4 27.Qe2 Rd4 28.Rxc3 Nxh4 29.Nxd4 exd4 30.Rh3 Qg5
31.Rg3 Qe5 32.d7 Ng6 33.Rc1 Qe6 34.Qc4 Nf4 35.Qxe6+ Nxe6 36.Rc8 Kf7 37.f4 Nd8
38.a5 Bh6 39.b6 axb6 40.a6  1-0